| 000 | 00784nam a2200205 a 4500 | ||
|---|---|---|---|
| 001 | 000035736 | ||
| 005 | 20200930074554.0 | ||
| 008 | 111109s1964 fr 000 0 fre d | ||
| 040 |
_aDO-SdBNP _bspa _cBNPHU |
||
| 100 | 1 |
_aGoguel, Francois, _d1909-1999 _961676 |
|
| 245 | 1 | 3 |
_aLa politique en france / _cFrancois Goguel et Alfred Grosser. |
| 260 |
_aParis : _bLibrairie Armand Colin, _c1964. |
||
| 300 |
_a298 p. : _bil., mapas ; _c24 cm. |
||
| 490 | 0 | _aCollection U. Série Société politique | |
| 504 | _aIncluye bibliografía | ||
| 590 | _aPerteneció a la biblioteca personal de Juan Isidro Jimenes Grullón. | ||
| 651 | 4 |
_aFrancia _xPolítica Y Gobierno _ySIGLO XX _961677 |
|
| 700 | 1 |
_aGrosser, Alfred, _d1925- _961678 |
|
| 830 | 0 |
_aCollection U. _pSérie Société politique _961679 |
|
| 999 |
_c35227 _d35227 |
||